000
00295nam a22001217a 4500
082
_a
030
_b
FUN/S-20
100
_a
FUNK
100
_a
WAGNALLS
245
_a
NEW ENCYCOPEDIA OF SCIENCE: VOL 20 TAR -UNI
260
_a
WISCONSIN
_b
RAINTREE PUBLISHERS
650
_a
ENCYCLOPEDIA
_z
AMERICA
942
_c
BK
999
_c
1954
_d
1954